Multiple-Choice-Stadtquiz Magdeburg - Statistiken

Allgemein
  • Dieses Quiz wurde 1.141 mal gespielt
    1.136 seit der letzten Aktualisierung
  • Das Durchschnittsergebnis liegt bei 8 aus 10
Antwortstatistiken
Frage Antwort % Korrekt
In welchem ​​Bundesland liegt Magdeburg? Sachsen-Anhalt
97%
Wo liegt Magdeburg auf der Karte?
96%
Was zeigt das folgende Foto? Magdeburger Dom
88%
An welchem ​​Fluss liegt Magdeburg? Elbe
86%
Wie heißt der beste Fußballverein aus Magdeburg? 1. FC Magdeburg
85%
Welches der folgenden Wappen ist das Wappen von Magdeburg?
82%
In welchem Bevölkerungsbereich liegt Magdeburg? 100.000 - 300.000
79%
Was ist der Magdeburger Reiter? Eine der ersten freistehenden Monumentalskulpturen
57%
In welchem Jahrhundert wurde Magdeburg gegründet? 9. Jahrhundert
48%
Wie heißt der größte Stadtpark Magdeburgs? Rotehornpark
46%
Keine übereinstimmenden Quizze gefunden
Verteilung der Resultate
Anzahl Personen mit jedem Resultat
Perzentil nach korrekt beantworteten Fragen
Ihre Resultats-Entwicklung
Sie haben dieses Quiz seit der letzten Aktualisierung nicht gespielt